| 000 | 00551nam a2200169 i 4500 | ||
|---|---|---|---|
| 001 | 110968 | ||
| 003 | ES-MaACL | ||
| 005 | 20230906185219.0 | ||
| 007 | t| | ||
| 008 | 061121s1948 sp r ||||1| spa d | ||
| 100 | 1 |
_aNadal, Josep M. _9150531 |
|
| 245 | 1 | 0 |
_aPenumbra de nostalgia / _cprimeras poesías de José María Nadal ; prólogo de Joaquín Soler Serrano. |
| 260 |
_aBarcelona : _b[s.n.], _c1948 ( _f[Granada Imp.Urania]) |
||
| 300 |
_a112 p. ; _c17 cm. |
||
| 700 | 1 |
_aSoler Serano, Joaquín. _9107192 |
|
| 852 |
_aES-MaACL _j1666-F-1 _bR.26524 |
||
| 999 |
_c110968 _d110968 |
||